Statistics for General Knowledge #3

Click here to take the quiz!

General Stats

  • This quiz has been taken 52 times
  • The average score is 7 of 10

Answer Stats

HintAnswer% Correct
Largest country by size and population in South AmericaBrazil
94%
What city is the capital of Spain?Madrid
94%
This guy made the theory of relativityAlbert Einstein
90%
This number is considered to be the unluckiest13
88%
The Louvre Museum is in which European country?France
88%
Name the largest planet in our solar systemJupiter
88%
The assassination of Franz Ferdinand led to which war?World War I
84%
Which month is Flag Day in?June
56%
How many amendments total are in the U.S Constitution?27
42%
How many people are in the U.S House of Representatives?435
6%

Score Distribution

Percentile by Number Answered

Percent of People with Each Score

Your Score History

You have not taken this quiz